000 00745nam a2200241 4500
003 CBULib
005 20241029130711.0
008 241029b |||||||| |||| 00| 0 eng d
040 _bEnglish
_cCBULib
_erda
050 _aHM 851 .L56 Lin
100 _93844
_aLindgren, Simon
245 _aDigital Media and Society
_c/ by Simon Lindren
260 _aLondon :
_bSAGE
_c2017,
300 _a 320 pages
336 _2rdacontent
_aText |
_btxt
337 _2rdamedia
_aUnmediated |
_bn
338 _2rdacarrier
_aVolume
_bnc
500 _aIncludes a bibliographical references and index
650 0 _93849
_aCOMMUNICATION AND SOCIETY
650 0 _93850
_aTECHNOLOGY AND SOCIETY
650 0 _93851
_aDIGITAL MEDIA SOCIAL ASPECTS
942 _2lcc
_c002
999 _c85737
_d85737